[Event "Djerba Open A 2025"]
[Site "Djerba TUN"]
[Date "2025.02.21"]
[Round "6.5"]
[White "Rekik, Ismail"]
[Black "Boudriga, Mohamed Ali"]
[Result "0-1"]
[BlackTitle "IM"]
[WhiteElo "2006"]
[BlackElo "2323"]
[WhiteFideId "5514100"]
[BlackFideId "5500460"]
[EventDate "2025.02.16"]

1. c4 e6 2. Nf3 d5 3. e3 Nf6 4. b3 Be7 5. Bb2 O-O 6. Nc3 b6 7. cxd5 exd5 8. d4
Bb7 9. Bd3 Nbd7 10. O-O a6 11. Rc1 Bd6 12. Rc2 Re8 13. Ne2 Qe7 14. Ng3 g6 15.
Qa1 Rac8 16. Rfc1 c6 17. a3 a5 18. a4 Ng4 19. Qb1 h5 20. Nf1 f5 21. h3 Nh6 22.
Re2 Rf8 23. h4 Nf6 24. g3 Ne4 25. Ne5 Bxe5 26. dxe5 g5 27. f3 Nc5 28. hxg5 Qxg5
29. f4 Qg6 30. Rxc5 bxc5 31. Ba3 Rf7 32. Bxc5 Rg7 33. b4 axb4 34. Rb2 Re8 35.
Rxb4 Bc8 36. a5 h4 37. a6 hxg3 38. a7 g2 39. Nh2 Ng4 40. Nxg4 Qxg4 41. a8=Q Qh4
42. Bxf5 Qh1+ 43. Kf2 g1=Q+ 44. Qxg1 Qxg1+ 45. Ke2 Rg2+ 46. Kd3 Bxf5+ 0-1

[Event "Djerba Open A 2025"]
[Site "Djerba TUN"]
[Date "2025.02.21"]
[Round "6.6"]
[White "Filali, Razzouki Marouane"]
[Black "Stopa, Jacek"]
[Result "1/2-1/2"]
[WhiteTitle "CM"]
[BlackTitle "GM"]
[WhiteElo "2234"]
[BlackElo "2310"]
[WhiteFideId "9003720"]
[BlackFideId "1119591"]
[EventDate "2025.02.16"]

1. e4 e6 2. d4 d5 3. exd5 exd5 4. Bd3 Nf6 5. Bf4 c5 6. dxc5 Bxc5 7. Nf3 O-O 8.
O-O Nc6 9. h3 Re8 10. Nbd2 Ne4 11. Nb3 Bb6 12. Bxe4 dxe4 13. Qxd8 Rxd8 14. Nfd2 1/2-1/2

[Event "Djerba Open A 2025"]
[Site "Djerba TUN"]
[Date "2025.02.21"]
[Round "6.7"]
[White "Amdouni, Zoubaier"]
[Black "Maisuradze, Nino"]
[Result "1-0"]
[WhiteTitle "FM"]
[BlackTitle "WGM"]
[WhiteElo "2229"]
[BlackElo "2174"]
[WhiteFideId "5500419"]
[BlackFideId "13601717"]
[EventDate "2025.02.16"]

1. e4 c5 2. Nc3 Nc6 3. Nf3 e5 4. Bc4 d6 5. d3 Be7 6. Nd2 Be6 7. Nf1 Nf6 8. Ne3
O-O 9. O-O Rb8 10. a3 a6 11. Ncd5 b5 12. Ba2 Qd7 13. c3 a5 14. f4 exf4 15. Rxf4
Bxd5 16. Nxd5 Nxd5 17. Bxd5 Ne5 18. d4 cxd4 19. cxd4 Ng6 20. Rf3 Bf6 21. Be3 b4
22. Rh3 Rfe8 23. Qh5 Nf8 24. Rf1 bxa3 25. bxa3 Re7 26. Rg3 Kh8 27. Rxf6 gxf6 28.
Qh6 Ng6 29. Rh3 Nf8 30. Qxf6+ Kg8 31. Bh6 Rb1+ 32. Kf2 Qg4 33. Rg3 Rb2+ 34. Ke3 1-0

[Event "Djerba Open A 2025"]
[Site "Djerba TUN"]
[Date "2025.02.21"]
[Round "6.8"]
[White "Kakavand, Ramtin"]
[Black "Papaux, Steve"]
[Result "1-0"]
[WhiteTitle "FM"]
[WhiteElo "2106"]
[BlackElo "2204"]
[WhiteFideId "32790597"]
[BlackFideId "1337602"]
[EventDate "2025.02.16"]

1. e4 e5 2. Nf3 Nc6 3. Bb5 a6 4. Ba4 Nf6 5. d3 b5 6. Bb3 Bc5 7. Nc3 d6 8. Nd5 h6
9. c3 Be6 10. Nxf6+ Qxf6 11. Bxe6 fxe6 12. b4 Bb6 13. a4 O-O 14. O-O g5 15. h3
d5 16. Be3 d4 17. cxd4 exd4 18. Bd2 e5 19. Qb3+ Kg7 20. axb5 axb5 21. Qd5 Rae8
22. Qxb5 Re6 23. Nh2 h5 24. Nf3 g4 25. Ng5 Rd6 26. h4 Ne7 27. f4 Ng6 28. fxe5
Qxe5 29. Qxe5+ Nxe5 30. Rxf8 Kxf8 31. Bf4 Nxd3 32. Bxd6+ cxd6 33. Ra6 Bd8 34.
Ne6+ Ke7 35. Nxd8 Nxb4 36. Nc6+ 1-0

[Event "Djerba Open A 2025"]
[Site "Djerba TUN"]
[Date "2025.02.21"]
[Round "6.9"]
[White "Gemelli, Romain"]
[Black "Hoekstra, Peter"]
[Result "1-0"]
[WhiteElo "2203"]
[BlackElo "2000"]
[WhiteFideId "1336401"]
[BlackFideId "1023217"]
[EventDate "2025.02.16"]

1. d4 d5 2. c4 c6 3. Nc3 Nf6 4. e3 e6 5. Nf3 Nbd7 6. Qc2 Bd6 7. Be2 O-O 8. O-O
dxc4 9. Bxc4 b5 10. Bd3 Bb7 11. e4 e5 12. Rd1 Qc7 13. h3 exd4 14. Nxd4 g6 15.
Bh6 Rfe8 16. Rac1 a6 17. Qd2 c5 18. Nf5 b4 19. Nd5 Bxd5 20. exd5 Ne4 21. Bxe4
Rxe4 22. Nxd6 Qxd6 23. Be3 Rae8 24. Qc2 f5 25. Qa4 f4 26. Qc6 Qe7 27. Bxc5 Nxc5
28. Qxc5 Qxc5 29. Rxc5 Re1+ 30. Rxe1 Rxe1+ 31. Kh2 Rd1 32. Rc4 a5 33. Rc5 Rd2
34. Rxa5 Rxb2 35. f3 Kf7 36. a4 bxa3 37. Rxa3 Rd2 38. Ra7+ Kf6 39. Rxh7 Rxd5 40.
h4 Rd2 41. Kh3 Ra2 42. Rb7 Rc2 43. Rb6+ Kf5 44. Rb8 Kf6 45. Rf8+ Ke5 46. g3 fxg3
47. Kxg3 Rc3 48. Kg4 Rc1 49. Kg5 Rg1+ 50. Kh6 Rg3 51. Kg7 Rh3 52. Kxg6 Rxh4 53.
Kg5 Rh1 54. Re8+ Kd6 55. f4 Kd7 56. Re2 Rh7 57. Kg6 Rh1 58. f5 Rg1+ 59. Kf7 Rg3
60. Rd2+ Kc6 61. f6 Rg1 62. Ke7 Re1+ 63. Kf8 Rg1 64. f7 Rg3 65. Rd4 Kc5 66. Rd7
Kc6 67. Ke8 Rf3 68. Re7 1-0

[Event "Djerba Open A 2025"]
[Site "Djerba TUN"]
[Date "2025.02.21"]
[Round "6.10"]
[White "Taieb, Sahbi"]
[Black "Achour, Mohamed Anis"]
[Result "0-1"]
[WhiteTitle "CM"]
[WhiteElo "2116"]
[BlackElo "2066"]
[WhiteFideId "5500770"]
[BlackFideId "7904649"]
[EventDate "2025.02.16"]

1. c4 e6 2. Nc3 d5 3. e3 Nf6 4. Nf3 Be7 5. Be2 O-O 6. O-O b6 7. b3 Bb7 8. Bb2 c5
9. d4 Nbd7 10. Qc2 Rc8 11. Rfd1 Qc7 12. Rac1 Qb8 13. Qb1 Qa8 14. Ne1 dxc4 15.
bxc4 cxd4 16. exd4 Rfd8 17. Qa1 Bf8 18. a4 Nb8 19. a5 bxa5 20. Qxa5 Nc6 21. Qg5
Nxd4 22. Bf1 h6 23. Qg3 Nf5 24. Qh3 Rxd1 25. Rxd1 Rd8 26. Ra1 Bc5 27. Na4 Bd4
28. Bxd4 Rxd4 29. Qa3 Bc6 30. Nc5 Ne4 31. Nf3 Nxc5 32. Nxd4 Nxd4 33. Qxc5 Nb3
34. Qa3 Nxa1 35. Qxa1 a5 36. Qa3 a4 37. f3 Qf8 38. c5 Qb8 39. Bd3 Qe5 40. Kf2
Qxh2 41. Qb4 Qc7 42. Bc2 Qa7 43. Qa3 Qa5 44. Kg3 g6 45. Kh2 h5 46. Qb2 Qxc5 47.
Qb8+ Kg7 48. Qb2+ e5 49. Be4 Bxe4 50. fxe4 Qd4 51. Qa3 Qxe4 52. Kh1 Qd4 53. Kh2 0-1

[Event "Djerba Open A 2025"]
[Site "Djerba TUN"]
[Date "2025.02.21"]
[Round "6.11"]
[White "Kadi, Mohamed El Mouldi"]
[Black "Loeffler, Markus"]
[Result "1-0"]
[BlackTitle "IM"]
[WhiteElo "2070"]
[BlackElo "2232"]
[WhiteFideId "7901127"]
[BlackFideId "4604822"]
[EventDate "2025.02.16"]

1. e4 c5 2. Nf3 e6 3. d4 cxd4 4. Nxd4 a6 5. Nc3 b5 6. Bd3 Bb7 7. O-O Nc6 8. Be3
Nf6 9. Nxc6 Bxc6 10. e5 Nd5 11. Nxd5 Bxd5 12. a4 b4 13. a5 Qc7 14. f4 Be7 15.
Qe2 Bb7 16. Bd4 O-O 17. f5 Bc5 18. Qe3 Bxd4 19. Qxd4 exf5 20. Rxf5 Rae8 21. Raf1
g6 22. Rg5 h6 23. Rg3 Rxe5 24. Qh4 Qc5+ 25. Kh1 h5 26. Qf4 Re6 27. Qh6 Qd6 28.
Rg5 Be4 29. Bxe4 Rxe4 30. Rxh5 Re6 1-0

[Event "Djerba Open A 2025"]
[Site "Djerba TUN"]
[Date "2025.02.21"]
[Round "6.12"]
[White "Cornileau, Juliette"]
[Black "Pichon, Ewen"]
[Result "0-1"]
[WhiteTitle "WFM"]
[BlackTitle "FM"]
[WhiteElo "2144"]
[BlackElo "2351"]
[WhiteFideId "36083372"]
[BlackFideId "45155593"]
[EventDate "2025.02.16"]

1. e4 e5 2. Nf3 Nc6 3. Bb5 a6 4. Ba4 Nf6 5. d3 d6 6. O-O g6 7. c3 Bg7 8. Re1 O-O
9. Nbd2 Bd7 10. Nf1 Nh5 11. Ne3 Nf4 12. d4 exd4 13. cxd4 Nb4 14. Bxd7 Qxd7 15.
Nc2 Nxc2 16. Qxc2 Nxg2 17. Kxg2 Qg4+ 18. Kf1 Qxf3 19. Be3 Rae8 20. Qxc7 Rxe4 21.
Qxd6 Rxe3 22. Rxe3 Qh1+ 23. Ke2 Qxa1 24. Qb6 Qxa2 25. Rb3 Re8+ 26. Kf3 Qb1 27.
Qxb7 Qh1+ 28. Kg3 Qxb7 29. Rxb7 Bxd4 30. Kf3 Re6 31. b4 Rb6 32. Rd7 Rxb4 33.
Rd8+ Kg7 0-1

[Event "Djerba Open A 2025"]
[Site "Djerba TUN"]
[Date "2025.02.21"]
[Round "6.13"]
[White "Messala, Noureddine"]
[Black "Amrane, Abdellah"]
[Result "1/2-1/2"]
[BlackTitle "CM"]
[WhiteElo "2069"]
[BlackElo "2021"]
[WhiteFideId "9001476"]
[BlackFideId "7912994"]
[EventDate "2025.02.16"]

1. d4 Nf6 2. Nf3 e6 3. c4 d5 4. Nc3 Be7 5. Bg5 Nbd7 6. e3 O-O 7. Bd3 b6 8. cxd5
exd5 9. O-O Bb7 10. Re1 Ne4 11. Bxe7 Qxe7 12. Nd2 f5 13. f3 Nxd2 14. Qxd2 Kh8
15. Rac1 1/2-1/2

[Event "Djerba Open A 2025"]
[Site "Djerba TUN"]
[Date "2025.02.21"]
[Round "6.14"]
[White "Doucet, Pierre-Alois"]
[Black "Viers, Emmanuel"]
[Result "0-1"]
[WhiteElo "2027"]
[BlackElo "2072"]
[WhiteFideId "551065738"]
[BlackFideId "656739"]
[EventDate "2025.02.16"]

1. e4 c5 2. Nf3 g6 3. c3 d5 4. exd5 Qxd5 5. d4 Bg7 6. Be3 cxd4 7. cxd4 Nf6 8.
Nc3 Qa5 9. Bc4 O-O 10. O-O a6 11. Ne5 Nc6 12. Nxc6 bxc6 13. a3 Nd5 14. Bxd5 cxd5
15. b4 Qd8 16. Qb3 e6 17. a4 Qb6 18. a5 Qa7 19. Rfd1 Bd7 20. Rac1 Rfc8 21. Na2
Bb5 22. Rc5 Bc4 23. Qa3 Bf8 24. Nc3 Bxc5 25. dxc5 Bb5 26. Nxb5 axb5 27. Bd4 Qe7
28. Re1 f6 29. f4 Rc6 30. Qd3 Rb8 31. Qc3 e5 32. Qf3 Re6 33. f5 gxf5 34. Qxf5
Re8 35. Bf2 d4 36. Re4 Kh8 37. Rh4 Rd8 38. Be1 Ra6 39. Qd3 Qd7 40. Bg3 Re8 41.
Bf2 f5 42. Rh5 Rf6 43. Bh4 Rf7 44. Bf2 Rd8 45. Rh6 e4 46. Qd1 Qd5 47. Bh4 Rdd7
48. Bf6+ Rxf6 49. Rxf6 d3 50. c6 Qd4+ 51. Kh1 Re7 52. Rxf5 e3 53. Rxb5 d2 54. c7
Rxc7 55. Rb8+ Kg7 56. Rd8 Rc1 57. Rxd4 Rxd1# 0-1

[Event "Djerba Open A 2025"]
[Site "Djerba TUN"]
[Date "2025.02.21"]
[Round "6.15"]
[White "Boulrens, Ala Eddine"]
[Black "Zounani, Yacine"]
[Result "1-0"]
[WhiteElo "2121"]
[BlackElo "2132"]
[WhiteFideId "7907559"]
[BlackFideId "20695594"]
[EventDate "2025.02.16"]

1. e4 d6 2. d4 Nf6 3. Nc3 g6 4. Bg5 c6 5. Qd2 Nbd7 6. f4 d5 7. e5 Ne4 8. Nxe4
dxe4 9. d5 f6 10. Bh4 fxe5 11. d6 Qb6 12. O-O-O Bg7 13. f5 e3 14. Qc3 exd6 15.
Rxd6 O-O 16. Bc4+ Kh8 17. g4 gxf5 18. gxf5 Rxf5 19. Ne2 e4 20. Qxg7+ 1-0

[Event "Djerba Open A 2025"]
[Site "Djerba TUN"]
[Date "2025.02.21"]
[Round "6.16"]
[White "Rene, Benoit"]
[Black "Chelly, Yahya"]
[Result "1-0"]
[WhiteTitle "FM"]
[WhiteElo "2108"]
[BlackElo "2106"]
[WhiteFideId "600636"]
[BlackFideId "5516200"]
[EventDate "2025.02.16"]

1. g3 d5 2. Nf3 Nf6 3. Bg2 e6 4. O-O c5 5. d3 Nc6 6. Nbd2 Be7 7. e4 b5 8. Re1
Bb7 9. a3 d4 10. e5 Nd5 11. Ne4 h6 12. c4 bxc4 13. dxc4 Nb6 14. b3 Qc7 15. Bf4
Nc8 16. h4 a5 17. Rb1 Rb8 18. Qd2 Ba6 19. Bf1 Qd8 20. Bd3 Nb6 21. h5 Rb7 22. Qe2
Nc8 23. Kg2 Qd7 24. Rh1 Nb6 25. g4 a4 26. bxa4 Na5 27. Rb5 Bxb5 28. axb5 Nc8 29.
Rb1 Qc7 30. Nfd2 Qb8 31. Nb3 Nxb3 32. Rxb3 Qa8 33. Qa2 Qa4 34. Nd2 Nb6 35. Rb1
Ra7 36. Ra1 Bg5 37. Bxg5 hxg5 38. Bc2 Qa5 39. Ne4 Ke7 40. Nxc5 Rc8 41. Nb3 Qc3
42. Be4 d3 43. c5 Nc4 44. Rc1 Qxe5 45. Rxc4 Rd7 46. Qd2 g6 47. Bc6 Rdd8 48. Re4
Qf6 49. Na5 gxh5 50. Nb7 Rd4 51. Rxd4 Qxd4 52. Qxg5+ Kf8 53. Nd6 d2 54. Bf3 hxg4
55. Bxg4 Qxc5 56. Qh6+ Kg8 57. Nxc8 Qxc8 58. Qg5+ Kf8 59. Qxd2 Qb7+ 60. Bf3 Qxb5
61. Qb4+ 1-0

[Event "Djerba Open A 2025"]
[Site "Djerba TUN"]
[Date "2025.02.21"]
[Round "7.1"]
[White "Velten, Paul"]
[Black "Boudriga, Mohamed Ali"]
[Result "1/2-1/2"]
[WhiteTitle "GM"]
[BlackTitle "IM"]
[WhiteElo "2505"]
[BlackElo "2323"]
[WhiteFideId "681091"]
[BlackFideId "5500460"]
[EventDate "2025.02.16"]

1. d4 Nf6 2. c4 e6 3. Nf3 Bb4+ 4. Nbd2 O-O 5. a3 Be7 6. e4 d6 7. Qc2 Nfd7 8. b4
a5 9. Rb1 axb4 10. axb4 e5 11. d5 Na6 12. Be2 c5 13. dxc6 bxc6 14. b5 Nac5 15.
O-O Bb7 16. Rb4 Qa5 17. Rb2 Rfc8 18. b6 Rcb8 19. Nb3 Nxb3 20. Rxb3 Nc5 21. Rb2
Qa4 22. Qb1 Qa1 23. Qc2 Qa4 24. Qb1 Qa1 25. Qc2 Qa4 1/2-1/2

[Event "Djerba Open A 2025"]
[Site "Djerba TUN"]
[Date "2025.02.21"]
[Round "7.2"]
[White "Willems, Niels"]
[Black "Sambuev, Bator"]
[Result "1/2-1/2"]
[WhiteTitle "FM"]
[BlackTitle "GM"]
[WhiteElo "2414"]
[BlackElo "2416"]
[WhiteFideId "20695586"]
[BlackFideId "4128290"]
[EventDate "2025.02.16"]

1. c4 g6 2. Nc3 Bg7 3. Nf3 d6 4. g3 Nf6 5. d4 O-O 6. Bg2 Nc6 7. O-O a6 8. b3 Rb8
9. d5 Na5 10. Bd2 c5 11. dxc6 bxc6 12. Rc1 c5 13. Nd5 Nc6 14. Nxf6+ Bxf6 15. Ng5
Bd7 16. Ne4 Bg7 17. Bf4 Qa5 18. Nxd6 exd6 19. Bxd6 Rbd8 20. Bxf8 Bxf8 21. e3 Nb4
22. Qe2 Bf5 23. Rfd1 Rxd1+ 24. Rxd1 Qxa2 25. Qxa2 Nxa2 26. Bb7 Nb4 27. e4 Bg4
28. Rd8 Nc2 29. Bxa6 Nd4 30. Bb7 Nxb3 31. e5 g5 32. Bd5 Nd4 33. Kg2 Bf5 34. f3
h5 35. Rb8 Ne6 36. Kf2 g4 37. f4 h4 38. Ke3 hxg3 39. hxg3 Nd4 40. Kf2 Be6 41.
Re8 Kg7 42. Kg2 Bd7 43. Rd8 Bf5 44. Kf2 Bg6 45. Rd7 Kg8 46. Rd8 Nf5 47. Re8 Kg7
48. Be4 Ne7 49. Bd5 Bf5 50. Ke3 Be6 51. Rd8 Nf5+ 52. Kf2 Be7 53. Re8 Bd7 54. Ra8
Bf8 55. Ra7 Be8 56. Ra8 Bd7 57. Ra7 Be8 1/2-1/2

[Event "Djerba Open A 2025"]
[Site "Djerba TUN"]
[Date "2025.02.21"]
[Round "7.3"]
[White "Thorfinnsson, Bjorn"]
[Black "Bouzidi, Ahmed"]
[Result "1-0"]
[WhiteTitle "IM"]
[BlackTitle "CM"]
[WhiteElo "2377"]
[BlackElo "2168"]
[WhiteFideId "2300982"]
[BlackFideId "5501733"]
[EventDate "2025.02.16"]

1. d4 Nf6 2. Nf3 e6 3. Bg5 c5 4. e3 h6 5. Bh4 Be7 6. c3 b6 7. Nbd2 Bb7 8. Bd3
Nc6 9. h3 Nh5 10. Ne5 Nxe5 11. dxe5 Bxh4 12. Qxh5 Qg5 13. Qxg5 Bxg5 14. Be4
O-O-O 15. a4 d5 16. exd6 Rxd6 17. Nc4 Rd7 18. Bxb7+ Kxb7 19. Ne5 Rc7 20. O-O-O
Bf6 21. Nc4 Rd8 22. Rxd8 Bxd8 23. Nd6+ Ka6 24. Rd1 Rd7 25. f4 g5 26. Kc2 f6 27.
b4 cxb4 28. cxb4 b5 29. axb5+ Kb6 30. fxg5 fxg5 31. Nc8+ Kc7 32. Nxa7 Rxd1 33.
Kxd1 Kb6 34. Nc6 Bf6 35. Nd4 Bxd4 36. exd4 Kxb5 37. Ke2 Kxb4 38. Kd3 Kb5 39. Ke4
Kc6 40. Ke5 Kd7 41. Kf6 Kd6 42. g4 Kd5 43. Ke7 1-0

[Event "Djerba Open A 2025"]
[Site "Djerba TUN"]
[Date "2025.02.21"]
[Round "7.4"]
[White "Zaibi, Amir"]
[Black "Hallal, Tarik"]
[Result "1-0"]
[WhiteTitle "GM"]
[WhiteElo "2352"]
[BlackElo "2083"]
[WhiteFideId "5500796"]
[BlackFideId "7924887"]
[EventDate "2025.02.16"]

1. d4 Nf6 2. c4 c5 3. d5 e6 4. Nc3 exd5 5. cxd5 d6 6. e4 g6 7. Bb5+ Bd7 8. a4
Bxb5 9. axb5 Bg7 10. Nf3 O-O 11. O-O Nbd7 12. Re1 Qc7 13. h3 Nb6 14. Bf4 Nfd7
15. e5 dxe5 16. d6 Qd8 17. Nxe5 Re8 18. Nf3 Bxc3 19. bxc3 Qf6 20. Rxe8+ Rxe8 21.
Qd2 Nc4 22. Qc1 Nxd6 23. Qd2 Re6 24. Rxa7 Nb6 25. Bg5 Qf5 26. Bh6 f6 27. Bf4
Nbc4 28. Qc1 Qd5 29. Bg3 Nxb5 30. Ra8+ Kg7 31. h4 Qd3 32. Qf4 Ne5 33. Ng5 Rb6
34. Kh2 Nxc3 35. h5 h6 36. Nf3 Nd5 37. Qa4 Nxf3+ 38. gxf3 Qb5 39. Qe4 1-0

[Event "Djerba Open A 2025"]
[Site "Djerba TUN"]
[Date "2025.02.21"]
[Round "7.5"]
[White "Stopa, Jacek"]
[Black "Debray, Christopher"]
[Result "1/2-1/2"]
[WhiteTitle "GM"]
[BlackTitle "IM"]
[WhiteElo "2310"]
[BlackElo "2320"]
[WhiteFideId "1119591"]
[BlackFideId "630810"]
[EventDate "2025.02.16"]

1. d4 d5 2. c4 e6 3. Nc3 Nf6 4. cxd5 exd5 5. Bg5 c6 6. e3 Be6 7. Bd3 Nbd7 8. Nf3
h6 9. Bh4 g5 10. Bg3 Nh5 11. Be5 Nhf6 12. Bg3 Nh5 13. Be5 Nhf6 14. Bg3 Nh5 15.
Be5 1/2-1/2

[Event "Djerba Open A 2025"]
[Site "Djerba TUN"]
[Date "2025.02.21"]
[Round "7.6"]
[White "Kadi, Mohamed El Mouldi"]
[Black "Amdouni, Zoubaier"]
[Result "1/2-1/2"]
[BlackTitle "FM"]
[WhiteElo "2070"]
[BlackElo "2229"]
[WhiteFideId "7901127"]
[BlackFideId "5500419"]
[EventDate "2025.02.16"]

1. e4 c5 2. Nf3 Nc6 3. d4 cxd4 4. Nxd4 e6 5. Nc3 Qc7 6. a3 Nf6 7. Be3 a6 8. Qf3
d6 9. Qg3 Bd7 10. f4 Rc8 11. Bd3 Nxd4 12. Bxd4 Nh5 13. Qf3 Nxf4 14. Qxf4 e5 15.
Qf2 exd4 16. Nd5 Qd8 17. O-O Be6 18. Qxd4 Qg5 19. Rae1 Be7 20. Rf5 Qh6 21. Qb6
Bd8 22. Qxd6 Qd2 23. Rff1 Rc6 24. Qb8 O-O 25. Qxb7 Rd6 26. Qb4 Qxb4 27. axb4 a5
28. bxa5 Bxa5 29. Ra1 Bd8 30. c4 Bxd5 31. exd5 Bf6 32. b4 Bd4+ 33. Kh1 Bxa1 34.
Rxa1 Rb8 35. Kg1 Kf8 36. b5 Ke7 37. Kh1 1/2-1/2

[Event "Djerba Open A 2025"]
[Site "Djerba TUN"]
[Date "2025.02.21"]
[Round "7.7"]
[White "Achour, Mohamed Anis"]
[Black "Kakavand, Ramtin"]
[Result "1/2-1/2"]
[BlackTitle "FM"]
[WhiteElo "2066"]
[BlackElo "2106"]
[WhiteFideId "7904649"]
[BlackFideId "32790597"]
[EventDate "2025.02.16"]

1. d4 d5 2. Nf3 c5 3. e3 Nc6 4. a3 cxd4 5. exd4 Bg4 6. c3 e6 7. Qb3 Qd7 8. Ne5
Nxe5 9. dxe5 Ne7 10. Be3 Nc6 11. f4 Be7 12. Nd2 O-O 13. Nf3 Bxf3 14. gxf3 Bh4+
15. Ke2 f6 16. exf6 Rxf6 17. Rd1 Na5 18. Qb4 Qc7 19. Kd2 Nc6 20. Qb3 g5 21. Kc2
gxf4 22. Bg1 Rb8 23. Qa4 Rg6 24. Bxa7 Nxa7 25. Qxa7 Be7 26. Rg1 Bc5 27. Rxg6+
hxg6 28. Qa4 b5 29. Qa6 Rb6 30. Qa5 b4 31. axb4 1/2-1/2

[Event "Djerba Open A 2025"]
[Site "Djerba TUN"]
[Date "2025.02.21"]
[Round "7.8"]
[White "Pichon, Ewen"]
[Black "Gemelli, Romain"]
[Result "1-0"]
[WhiteTitle "FM"]
[WhiteElo "2351"]
[BlackElo "2203"]
[WhiteFideId "45155593"]
[BlackFideId "1336401"]
[EventDate "2025.02.16"]

1. Nf3 Nf6 2. c4 e6 3. Nc3 d5 4. e3 Be7 5. b3 O-O 6. Bb2 c5 7. cxd5 Nxd5 8. Qc2
Nc6 9. a3 b6 10. h4 f5 11. Nxd5 Qxd5 12. Bc4 Qd6 13. Rd1 Bf6 14. d4 cxd4 15.
Qxf5 Na5 16. Ng5 Bxg5 17. Qxg5 Nxc4 18. Rxd4 Qe5 19. bxc4 Qf5 20. Rd2 Qxg5 21.
hxg5 Rb8 22. Rd4 Rb7 23. Rdh4 g6 24. Rd4 Rc7 25. Rhh4 Rc5 26. f4 Rc7 27. Re4 Ba6
28. Rxe6 Bxc4 29. Rxg6+ 1-0

[Event "Djerba Open A 2025"]
[Site "Djerba TUN"]
[Date "2025.02.21"]
[Round "7.9"]
[White "Rekik, Ismail"]
[Black "Filali, Razzouki Marouane"]
[Result "1-0"]
[BlackTitle "CM"]
[WhiteElo "2006"]
[BlackElo "2234"]
[WhiteFideId "5514100"]
[BlackFideId "9003720"]
[EventDate "2025.02.16"]

1. c4 Nf6 2. Nc3 e6 3. Nf3 d5 4. d4 c5 5. e3 Nc6 6. cxd5 exd5 7. h3 a6 8. Bd3
Bd6 9. dxc5 Bxc5 10. a3 Ba7 11. O-O O-O 12. Ne2 Qd6 13. b4 Ne5 14. Nxe5 Qxe5 15.
Rb1 Bd7 16. Bb2 Qg5 17. Ng3 Rad8 18. Qf3 Bb8 19. Nf5 Bxf5 20. Bxf5 Rfe8 21. g3
Ne4 22. h4 Nd2 23. Bxh7+ Kxh7 24. Qe2 Qf5 25. Qxd2 Rd6 26. Rbd1 Re4 27. f3 Rg6
28. Rf2 Rxg3+ 29. Rg2 Rxh4 30. Rxg3 Bxg3 31. Qg2 Be5 32. Bxe5 Qxe5 33. Qf2 Qg5+
34. Kf1 Qh5 35. Qg3 Rh3 36. Rxd5 Rxg3 37. Rxh5+ Kg6 38. Rd5 Rxf3+ 39. Ke2 Rf6
40. Rd7 b5 41. e4 Rc6 42. Kd3 Kf6 43. Ra7 g5 44. Kd4 g4 45. e5+ Kg6 46. Ke4 g3
47. Ra8 Rc4+ 48. Kd5 Kg7 49. e6 fxe6+ 50. Kxe6 g2 51. Ra7+ Kh6 52. Ra8 g1=Q 53.
Rh8+ Kg7 54. Ra8 1-0

[Event "Djerba Open A 2025"]
[Site "Djerba TUN"]
[Date "2025.02.21"]
[Round "7.10"]
[White "Viers, Emmanuel"]
[Black "Papaux, Steve"]
[Result "1/2-1/2"]
[WhiteElo "2072"]
[BlackElo "2204"]
[WhiteFideId "656739"]
[BlackFideId "1337602"]
[EventDate "2025.02.16"]

1. Nf3 Nf6 2. g3 d5 3. Bg2 c5 4. O-O Nc6 5. d4 e6 6. dxc5 Bxc5 7. c4 dxc4 8. Qa4
O-O 9. Qxc4 Qe7 10. Nc3 e5 11. e4 Bg4 12. Nd5 Nxd5 13. exd5 Bxf3 14. Bxf3 Nd4
15. Bg2 Rac8 16. Qd3 f5 17. Be3 Qf6 18. Rac1 Bb6 19. Rfd1 e4 20. Qd2 Rxc1 21.
Rxc1 Rd8 22. Bg5 Rxd5 23. Bxf6 Nf3+ 24. Bxf3 Rxd2 25. Bg5 Rxf2 26. Bd1 h6 27.
Rc8+ Kh7 28. Bd8 Rd2+ 29. Bxb6 Rxd1+ 30. Kg2 Rd2+ 31. Kh3 axb6 32. Rc7 Rxb2 33.
Rxb7 Rxa2 34. Rxb6 g5 35. g4 f4 36. Rxh6+ Kg7 37. Rg6+ Kf7 38. Rf6+ Ke7 39. Re6+
Kd8 40. Rd6+ Kc7 41. Rc6+ Kb7 42. Rb6+ Ka8 43. Rb8+ Kxb8 1/2-1/2

[Event "Djerba Open A 2025"]
[Site "Djerba TUN"]
[Date "2025.02.21"]
[Round "7.11"]
[White "Maisuradze, Nino"]
[Black "Messala, Noureddine"]
[Result "1-0"]
[WhiteTitle "WGM"]
[WhiteElo "2174"]
[BlackElo "2069"]
[WhiteFideId "13601717"]
[BlackFideId "9001476"]
[EventDate "2025.02.16"]

1. d4 Nf6 2. c4 e6 3. Nc3 Bb4 4. e3 b6 5. Ne2 Bb7 6. a3 Bxc3+ 7. Nxc3 O-O 8. Bd3
Ne8 9. O-O f5 10. f3 Qh4 11. Bd2 Nc6 12. Be1 Qh6 13. Bf2 Nf6 14. b4 g5 15. Rc1
Ne7 16. d5 e5 17. Nb5 Ne8 18. e4 a6 19. Nc3 f4 20. c5 Qg6 21. d6 cxd6 22. cxb6
h5 23. h3 Kg7 24. Bc4 g4 25. Kh1 Rh8 26. Nd5 gxh3 27. gxh3 Qe6 28. Nxf4 Qf6 29.
Rg1+ Kh6 30. Nd5 Nxd5 31. exd5 Rf8 32. Be3+ Kh7 33. f4 Qh4 34. Qd3+ Kh8 35. Kh2
Nf6 36. Qg6 Ng4+ 37. Rxg4 hxg4 38. Qxg4 Qxg4 39. hxg4 exf4 40. Bd4+ Kg8 41. Bb3
Rac8 42. Rc7 Rxc7 43. bxc7 Kf7 44. Kg2 Kg6 45. Kf3 Kg5 46. a4 Rc8 47. Bb6 Rh8
48. Bc4 Rh3+ 49. Ke4 Kxg4 50. a5 Rh1 51. b5 Re1+ 52. Kd3 axb5 53. Bxb5 Bc8 54.
a6 Ra1 55. a7 Kg3 56. Kc3 f3 57. Kb2 Rxa7 58. Bxa7 f2 59. Bf1 Kf3 60. Kc3 Ke4
61. Bg2+ Ke5 62. Bxf2 1-0

[Event "Djerba Open A 2025"]
[Site "Djerba TUN"]
[Date "2025.02.21"]
[Round "7.12"]
[White "Hoekstra, Peter"]
[Black "Taieb, Sahbi"]
[Result "0-1"]
[BlackTitle "CM"]
[WhiteElo "2000"]
[BlackElo "2116"]
[WhiteFideId "1023217"]
[BlackFideId "5500770"]
[EventDate "2025.02.16"]

1. e4 e5 2. Nf3 d6 3. d4 exd4 4. Nxd4 Nf6 5. Nc3 Be7 6. Bf4 O-O 7. Qd2 c6 8.
O-O-O b5 9. f3 b4 10. Nb1 Ne8 11. Bc4 a6 12. Rhe1 Ra7 13. Qe3 c5 14. Nb3 Qb6 15.
N1d2 a5 16. Bf1 Be6 17. Nc4 Bxc4 18. Bxc4 a4 19. Nd2 Nc6 20. Bd5 Nd4 21. Nc4 Qa6
22. Rxd4 cxd4 23. Qxd4 Bf6 24. Qd3 a3 25. b3 Bc3 26. Re2 Rd7 27. Bd2 Bxd2+ 28.
Rxd2 Nc7 29. Kb1 Nb5 30. Ka1 Qa7 31. Qf1 Qc7 32. Qf2 Rb8 33. Rd3 Nc3 34. Qe3 Qd8
35. g3 Qf6 36. Qd4 Qh6 37. Qg1 Ne2 38. Qe1 Qf6+ 39. e5 dxe5 40. c3 e4 41. fxe4
Nxc3 42. e5 Qg5 43. h4 Qh6 44. Nd6 Nxd5 45. Rxd5 Rc7 46. Rd1 Qe6 47. Nc4 h6 48.
Rd6 Qg4 49. Qe3 Re8 50. Rd4 Qh3 51. Qf3 Qh2 52. Rd2 Rxc4 53. e6 0-1